[Event "27th Heraklion Open 2019"]
[Site "Heraklion"]
[Date "2019.09.05"]
[Round "4.15"]
[White "Westman, Lennart"]
[Black "Georgakakis, Michail"]
[Result "1-0"]
[WhiteElo "1700"]
[BlackElo "1303"]
[Annotator "NA"]
[PlyCount "77"]
[EventDate "2019.09.03"]
[EventType "swiss"]
[EventCountry "GRE"]
[SourceTitle "playchess.com"]
[Source "ChessBase"]
[SourceQuality "1"]
[TimeControl "40/5400+30:1800+30"]

1. d4 Nf6 2. e3 d6 3. Bd3 g6 4. Nf3 Bg7 5. O-O O-O 6. b3 a6 7. Bb2 b5 8. Nbd2 c6 9. Qe2 Bb7 10. e4 Nbd7 11. c4 bxc4 12. Nxc4 c5 13. d5 Nh5 14. Bxg7 Nxg7 15. Rad1 Qc7 16. Rfe1 f6 17. Nfd2 Nh5 18. Qg4 Ne5 19. Nxe5 fxe5 20. Bf1 Bc8 21. Qe2 a5 22. Qe3 Kg7 23. Nf3 Bg4 24. Ng5 h6 25. Ne6+ Bxe6 26. dxe6 Nf4 27. Bc4 Rf6 28. Qc3 Nxe6 29. Bxe6 Rxe6 30. f4 Kh7 31. Qc4 Rf6 32. fxe5 Rff8 33. exd6 exd6 34. Qe6 Rad8 35. Rf1 Rxf1+ 36. Rxf1 Rd7 37. Rf8 Rg7 38. Qe8 Re7 39. Rh8+ 1-0

[Event "27th Heraklion Open 2019"]
[Site "Heraklion"]
[Date "2019.09.05"]
[Round "4.16"]
[White "Natoli, Domenico"]
[Black "Alexandrakis, Georgios"]
[Result "1-0"]
[WhiteElo "1694"]
[BlackElo "1254"]
[Annotator "NA"]
[PlyCount "65"]
[EventDate "2019.09.03"]
[EventType "swiss"]
[EventCountry "GRE"]
[SourceTitle "playchess.com"]
[Source "ChessBase"]
[SourceQuality "1"]
[TimeControl "40/5400+30:1800+30"]

1. d4 Nf6 2. c4 e6 3. Nc3 Bb4 4. e3 b6 5. Bd3 Bb7 6. Nf3 O-O 7. O-O Bxc3 8. bxc3 c5 9. Bb2 d6 10. Qe2 Qe7 11. Rfe1 Nc6 12. Rad1 Rad8 13. e4 e5 14. d5 Na5 15. Bc1 h6 16. Nh4 Bc8 17. Nf5 Bxf5 18. exf5 Rfe8 19. Qf3 Qd7 20. Qg3 Kh8 21. Qh3 Kh7 22. g4 Ng8 23. g5 f6 24. g6+ Kh8 25. Re4 Re7 26. Rde1 Rde8 27. Rh4 e4 28. Bf1 a6 29. Bf4 b5 30. cxb5 axb5 31. Qg3 Nb7 32. Rb1 Qxf5 33. Bh3 1-0

[Event "27th Heraklion Open 2019"]
[Site "Heraklion"]
[Date "2019.09.05"]
[Round "4.17"]
[White "Koutsaftis, Efstratios Panagioti"]
[Black "Aggeletou, Fereniki"]
[Result "1-0"]
[WhiteElo "1611"]
[BlackElo "1178"]
[Annotator "NA"]
[PlyCount "83"]
[EventDate "2019.09.03"]
[EventType "swiss"]
[EventCountry "GRE"]
[SourceTitle "playchess.com"]
[Source "ChessBase"]
[SourceQuality "1"]
[TimeControl "40/5400+30:1800+30"]

1. e4 c5 2. Nf3 d6 3. d4 cxd4 4. Nxd4 Nf6 5. Nc3 g6 6. Be3 Bg7 7. f3 O-O 8. Qd2 Nc6 9. g4 d5 10. Nxc6 bxc6 11. O-O-O Bb7 12. e5 Nd7 13. Bh6 Nxe5 14. Bxg7 Kxg7 15. h4 Qb6 16. Na4 Qc7 17. h5 Nxf3 18. Qc3+ Ne5 19. hxg6 fxg6 20. Re1 Rf6 21. Qxe5 Qxe5 22. Rxe5 Kf7 23. Nc5 Bc8 24. g5 Rf2 25. Nd3 Rf5 26. Rxf5+ gxf5 27. Rxh7+ Kg6 28. Rxe7 Kxg5 29. Ne5 c5 30. Nc6 a6 31. Bg2 d4 32. Na7 Rb8 33. Re8 f4 34. Rxc8 Rb6 35. Rxc5+ Kg4 36. Nc6 Kg3 37. Rg5+ Kf2 38. Nxd4 Rf6 39. Rf5 Rxf5 40. Nxf5 Kxg2 41. c4 f3 42. Nh4+ 1-0

[Event "27th Heraklion Open 2019"]
[Site "Heraklion"]
[Date "2019.09.05"]
[Round "4.18"]
[White "Terzakis, Georgios"]
[Black "Koumis, Filippos"]
[Result "1/2-1/2"]
[WhiteElo "1162"]
[BlackElo "1601"]
[Annotator "NA"]
[PlyCount "89"]
[EventDate "2019.09.03"]
[EventType "swiss"]
[EventCountry "GRE"]
[SourceTitle "playchess.com"]
[Source "ChessBase"]
[SourceQuality "1"]
[TimeControl "40/5400+30:1800+30"]

1. d4 Nf6 2. c4 g6 3. Nc3 Bg7 4. Nf3 O-O 5. Bf4 d6 6. e3 Nbd7 7. Be2 Re8 8. Bg3 e5 9. dxe5 dxe5 10. Nxe5 c6 11. Nxd7 Bxd7 12. O-O Qb6 13. Qb3 Qxb3 14. axb3 Ne4 15. Nxe4 Rxe4 16. Ra2 Ree8 17. Rd1 Be6 18. h3 a6 19. b4 Bf8 20. Bd6 Bxd6 21. Rxd6 Red8 22. Rxd8+ Rxd8 23. b3 Kf8 24. Kf1 Ke7 25. Ke1 Rc8 26. Kd2 Rc7 27. Kc3 h6 28. Bg4 Bxg4 29. hxg4 Kf6 30. f4 Ke6 31. Rd2 f5 32. g5 hxg5 33. fxg5 Rh7 34. c5 Rh5 35. Rd6+ Kf7 36. Rd7+ Ke8 37. Rxb7 Rxg5 38. Rc7 Rxg2 39. Rxc6 g5 40. Rxa6 g4 41. Rg6 Kf7 42. c6 Rg1 43. Kc2 Rg2+ 44. Kc1 Rg1+ 45. Kc2 1/2-1/2

[Event "27th Heraklion Open 2019"]
[Site "Heraklion"]
[Date "2019.09.05"]
[Round "4.19"]
[White "Xirouhakis, Emmanouil"]
[Black "Diamantis, Angelos"]
[Result "1-0"]
[WhiteElo "1574"]
[BlackElo "1053"]
[Annotator "NA"]
[PlyCount "37"]
[EventDate "2019.09.03"]
[EventType "swiss"]
[EventCountry "GRE"]
[SourceTitle "playchess.com"]
[Source "ChessBase"]
[SourceQuality "1"]
[TimeControl "40/5400+30:1800+30"]

1. d4 d5 2. c4 e6 3. Nc3 Nf6 4. cxd5 exd5 5. Bg5 Bb4 6. e3 Nbd7 7. Bd3 Qe7 8. Nge2 b6 9. O-O O-O 10. Nxd5 Qd6 11. Nxf6+ Nxf6 12. a3 Qd5 13. Bxf6 gxf6 14. axb4 Qg5 15. Be4 Rb8 16. Nf4 Kh8 17. Rxa7 f5 18. Bd5 Bd7 19. Rxc7 1-0

[Event "27th Heraklion Open 2019"]
[Site "Heraklion"]
[Date "2019.09.06"]
[Round "5.1"]
[White "Moiseenko, Vadim"]
[Black "Peng, Li Min"]
[Result "1-0"]
[WhiteElo "2543"]
[BlackElo "2465"]
[Annotator "TA"]
[PlyCount "51"]
[EventDate "2019.09.03"]
[EventType "swiss"]
[EventCountry "GRE"]
[SourceTitle "playchess.com"]
[Source "ChessBase"]
[SourceQuality "1"]

{[%evp 15,51,48,75,65,74,66,62,73,129,116,85,89,147,143,131,131,143,124,113,128,154,152,422,420,456,441,468,453,478,469,468,463,525,523,463,418,1467,1461]} 1. e4 Nf6 2. e5 Nd5 3. d4 d6 4. Nf3 g6 5. Bc4 Nb6 6. Bb3 Bg7 7. Ng5 e6 8. Qf3 O-O 9. Qh3 $1 {[%csl Gg5][%cal Rh3h7] B04: Alekhine's Defence: 4 Nf3} h6 $1 {[%cal Rh6g5]} 10. Nf3 dxe5 11. dxe5 {White is slightly better.} c5 ({Black should play} 11... a5) 12. Bxh6 $40 {[%mdl 128] Black must now prevent Nc3. White goes for the king.} c4 13. Be3 $146 (13. Ng5 Bxe5 14. Bxf8 Qxg5 $17) ({Predecessor:} 13. Ng5 Bxe5 14. Nd2 Bf4 15. Nde4 e5 16. g4 Bxg4 17. Qxg4 {1-0 (24) Bortnyk,O (2552)-Wisniewski,M (2306) Lvov 2015}) 13... f6 (13... cxb3 $142 14. Ng5 (14. axb3 f6 $17) 14... Re8 15. axb3 Nd5 16. Qh7+ Kf8 17. Bc5+ Re7 $1 {[%mdl 512]}) 14. Bxb6 $1 Qxb6 15. Bxc4 Qxb2 16. Bxe6+ Bxe6 17. Qxe6+ Kh7 {[#] aiming for ...Qc1+.} 18. O-O $1 {Strongly threatening Nbd2.} ({Inferior is} 18. Qh3+ Kg8 $11) 18... Qxa1 $2 {[#]} (18... Nc6 $16) 19. Qb3 $1 $18 Nc6 {Hoping for ...Nd4.} 20. Nc3 Qxf1+ ({Much worse is} 20... Na5 21. Qb4 $18 (21. Rxa1 Nxb3 22. axb3 Rfd8 $11)) 21. Kxf1 Nxe5 22. Nxe5 fxe5 23. Ne4 b6 24. Ng5+ Kh6 25. Ne6 {[%cal Rb3h3]} Rf5 (25... Kh7 $142 26. Nxf8+ Rxf8 27. Qh3+ Kg8) 26. g4 {Accuracy: White = 95%, Black = 27%.} 1-0

[Event "27th Heraklion Open 2019"]
[Site "Heraklion"]
[Date "2019.09.06"]
[Round "5.2"]
[White "Ivanov, Mike"]
[Black "Levin, Evgeny A."]
[Result "0-1"]
[WhiteElo "2177"]
[BlackElo "2511"]
[Annotator "TA"]
[PlyCount "126"]
[EventDate "2019.09.03"]
[EventType "swiss"]
[EventCountry "GRE"]
[SourceTitle "playchess.com"]
[Source "ChessBase"]
[SourceQuality "1"]

{[%evp 9,126,0,0,-5,20,8,12,-1,8,-24,-30,-35,-36,-27,-19,-83,-81,-82,-71,-67,-55,-98,-102,-99,-104,-179,-181,-211,-124,-158,-144,-150,-106,-112,-102,-120,-68,-115,-41,-32,-48,-79,-72,-122,-93,-103,-52,-153,-142,-273,-275,-249,-155,-131,-93,-100,-97,-97,-90,-93,-100,-100,-98,-93,-97,-89,-94,-138,-166,-142,-152,-166,-179,-174,-108,-219,-219,-204,-211,-271,-270,-291,-291,-448,-448,-448,-448,-448,-448,-447,-436,-488,-456,-472,-468,-997,-997,-714,-714,-607,-521,-29971,-29972,-29971,-29973,-29973,-29974,-29974,-29975,-29977,-29978,-29978,-29979,-29979,-29980,-29980,-29981,-29981,-29981]} 1. e4 c5 2. Nc3 e6 3. Nge2 a6 (3... d5 4. exd5 exd5 5. d4 Nc6 6. Be3 c4 7. g3 Bb4 8. Bg2 Nge7 9. O-O O-O 10. a3 Ba5 11. b4 cxb3 12. cxb3 Bxc3 13. Nxc3 Be6 {1-0 (58) Demchenko,A (2679)-Inarkiev,E (2693) St Petersburg 2018}) 4. a4 Nc6 5. g3 Nf6 6. Bg2 {B23: Closed Sicilian: Lines without g3} Be7 7. O-O O-O 8. h3 {The position is equal.} Rb8 9. f4 d5 10. d3 b5 11. axb5 axb5 {[%cal Ba6b5,Bb5b4][%mdl 32]} 12. g4 (12. Be3 $11 {remains equal.}) 12... b4 $17 13. Nb1 $146 ({Predecessor:} 13. Na4 dxe4 14. dxe4 Ba6 {½-½ (22) Hagara,M (2167)-Karlik,V (2348) Tatranske Zruby 2004}) 13... dxe4 14. dxe4 Qb6 $36 {[%mdl 2048] Black fights for an advantage.} 15. g5 Rd8 16. Qe1 Nd7 17. f5 (17. Qf2 $17) 17... Ba6 $19 18. f6 Bf8 ({Black should try} 18... gxf6 $19 19. gxf6 Bxf6) 19. Bf4 Nde5 $1 20. Nd2 Rb7 21. Nf3 Nxf3+ 22. Bxf3 Rbd7 (22... Nd4 $17 23. Rc1 Nxf3+ 24. Rxf3 g6) 23. Rf2 Nd4 (23... c4 $17 24. Kg2 Bb7) 24. Nxd4 $15 cxd4 25. Kh1 Bb7 26. Bd2 d3 27. c3 Rc8 (27... bxc3 $17 28. bxc3 g6) 28. cxb4 (28. h4 $15) 28... Rc2 $17 29. Qe3 (29. Rg2 $17) 29... Qxe3 $19 30. Bxe3 Rxf2 31. Bxf2 d2 {aiming for ...Bxe4!} 32. b5 Bxe4 33. Bxe4 d1=Q+ 34. Rxd1 Rxd1+ $17 {[%mdl 4096] Endgame KRB-KB} 35. Kg2 Rd2 {Strongly threatening ...Bc5.} 36. Kf3 Rxb2 37. b6 Rb3+ 38. Kg2 gxf6 39. gxf6 Bd6 40. b7 Bb8 $1 41. Bf3 Rb4 (41... Rb2 $1 $19 {Threatens to win with ...Ba7.} 42. Kf1 Rb3) 42. Be3 {[#]} (42. Bc5 $17 {is a better defense.} Rc4 43. Be7) 42... h5 $1 $19 43. Bc5 {[#]} (43. Bxh5 Rxb7) 43... Rc4 $1 {[%cal Rc4c5]} 44. Bf2 h4 45. Bg4 Rb4 46. Bxh4 (46. Bf3 $142) 46... Rxb7 47. Bg5 Rb3 48. Kf2 Bg3+ 49. Kg2 Be5 50. Kf2 Bd4+ 51. Ke2 Kh7 52. Bh5 (52. h4 $142 Kg6 53. Bc1) 52... Rb5 53. h4 {[#]} Bxf6 $1 {[%mdl 576] Pin} 54. Bxf7 (54. Bxf6 Rxh5) 54... Bxg5 55. hxg5 Rxg5 {KR-KB. Black mates.} 56. Kd3 Re5 57. Kd4 Re1 58. Be8 Kh6 59. Bc6 Kg5 60. Kd3 Kf4 61. Kd2 Re3 62. Bb5 e5 63. Be8 Kf3 {Accuracy: White = 28%, Black = 72%.} 0-1

[Event "27th Heraklion Open 2019"]
[Site "Heraklion"]
[Date "2019.09.06"]
[Round "5.4"]
[White "Bogdanov, Egor"]
[Black "Burnett, Leon P"]
[Result "1-0"]
[WhiteElo "2422"]
[BlackElo "1849"]
[Annotator "TA"]
[PlyCount "65"]
[EventDate "2019.09.03"]
[EventType "swiss"]
[EventCountry "GRE"]
[SourceTitle "playchess.com"]
[Source "ChessBase"]
[SourceQuality "1"]

{[%evp 23,65,0,0,1,36,22,33,21,56,43,72,72,66,71,85,81,124,120,120,117,117,102,136,136,189,180,217,222,221,205,232,226,224,224,203,202,235,227,657,648,617,612,5683,5461]} 1. e4 c5 2. c3 d5 3. exd5 Qxd5 4. d4 Nf6 5. Nf3 Bg4 6. Be2 e6 7. O-O Nc6 8. Be3 cxd4 9. cxd4 Be7 10. Nc3 Qd6 11. h3 Bh5 12. Qb3 O-O 13. Rfd1 {B22: Sicilian: 2 c3} Qb4 (13... Rfd8 14. a3 a6 15. Na4 Nd5 16. Nc5 Rab8 17. Rac1 Nf4 18. Bxf4 Qxf4 19. Qe3 Bd6 20. g4 Bg6 21. Qxf4 Bxf4 22. Rc3 Bd6 {½-½ (41) Sjugirov,S (2647)-Dubov,D (2638) Ekaterinburg 2013}) 14. d5 exd5 $146 ({Predecessor:} 14... Qxb3 15. axb3 exd5 16. Nxd5 Nxd5 17. Rxd5 Bg6 {1-0 (35) Jezierska,I (2085)-Burtman,S (2065) Kishinev 1995}) 15. Nxd5 {White is slightly better.} Nxd5 16. Rxd5 Bg6 17. Rd7 Qxb3 18. axb3 Bf6 19. Rxb7 Rab8 20. Rxb8 Rxb8 21. Ra6 Nb4 22. Rxa7 Bxb2 23. Bc4 Nc6 (23... Bf6 $16 24. Bf4 Re8) 24. Rc7 $18 Ne5 {[#]} 25. Nxe5 $1 Bxe5 26. Rd7 h6 27. f4 Bf6 28. g4 Bc2 29. Bxf7+ Kh8 30. g5 Bc3 $2 (30... Bb2 31. gxh6 Bf5) 31. Rc7 {White is clearly winning.} Bxb3 32. Bxb3 ({Less strong is} 32. Rxc3 Bxf7 33. gxh6 gxh6 $16) 32... Rxb3 {[#]} 33. g6 $1 {Accuracy: White = 98%, Black = 40%.} 1-0

[Event "27th Heraklion Open 2019"]
[Site "Heraklion"]
[Date "2019.09.06"]
[Round "5.5"]
[White "Namini, Armin"]
[Black "Westman, Lennart"]
[Result "1-0"]
[WhiteElo "2251"]
[BlackElo "1700"]
[Annotator "ChessBase"]
[PlyCount "71"]
[EventDate "2019.09.03"]
[EventType "swiss"]
[EventCountry "GRE"]
[SourceTitle "playchess.com"]
[Source "ChessBase"]
[SourceQuality "1"]
[TimeControl "40/5400+30:1800+30"]

1. c4 d6 2. g3 c6 3. Bg2 Nd7 4. Nc3 Qc7 5. d3 e5 6. e4 Be7 7. Nge2 Ngf6 8. h3 Nf8 9. Be3 Ng6 10. Qd2 Bd7 11. d4 O-O 12. O-O exd4 13. Nxd4 Ne5 14. b3 a6 15. f4 Ng6 16. Nf5 Bxf5 17. exf5 Nh8 18. g4 Nd7 19. Rfd1 Rad8 20. Rab1 Rfe8 21. Kh1 b5 22. Ne4 Nf6 23. Nxf6+ Bxf6 24. Qf2 Rb8 25. Rbc1 b4 26. Rd3 Be7 27. Qf3 Rbc8 28. Bd4 f6 29. Re3 Nf7 30. Rce1 Kf8 31. Qe2 Qd7 32. Bb2 g5 33. fxg6 hxg6 34. Qd3 Kg7 35. g5 Qd8 36. gxf6+ 1-0

[Event "27th Heraklion Open 2019"]
[Site "Heraklion"]
[Date "2019.09.06"]
[Round "5.6"]
[White "Bras, Emmanouel"]
[Black "Hulshof, Peter"]
[Result "0-1"]
[WhiteElo "1838"]
[BlackElo "2180"]
[Annotator "ChessBase"]
[PlyCount "108"]
[EventDate "2019.09.03"]
[EventType "swiss"]
[EventCountry "GRE"]
[SourceTitle "playchess.com"]
[Source "ChessBase"]
[SourceQuality "1"]
[TimeControl "40/5400+30:1800+30"]

1. d4 g6 2. Nf3 Bg7 3. c3 d6 4. h3 c6 5. Bf4 Nd7 6. e3 Ngf6 7. Be2 O-O 8. Bh2 Re8 9. O-O Qb6 10. Qb3 Qxb3 11. axb3 Nb6 12. Nbd2 Bf5 13. g4 Bd7 14. Rfe1 h6 15. Nc4 Nxc4 16. bxc4 a6 17. Nd2 Rad8 18. Nb3 Bc8 19. Bf3 Nd7 20. c5 Nf8 21. Kg2 d5 22. Bg3 Nh7 23. Kh2 Ng5 24. Bg2 f6 25. Nd2 Nf7 26. Kg1 e5 27. Nb3 e4 28. Nd2 f5 29. gxf5 Bxf5 30. Kh2 Bf6 31. Rh1 g5 32. Kg1 Rd7 33. Kf1 Bg6 34. Ke1 h5 35. h4 g4 36. Bf4 Kg7 37. Nf1 Nd8 38. Ng3 Ne6 39. Bd6 Kf7 40. Ne2 Ng7 41. Bg3 Nf5 42. Kd2 Kg7 43. Nf4 Bf7 44. Bf1 Bd8 45. Be2 Bc7 46. Rhf1 Bxf4 47. exf4 Rde7 48. Kc2 Bg6 49. Kb3 e3 50. Bd3 Nxg3 51. Bxg6 Nxf1 52. Bxe8 Nd2+ 53. Kc2 Rxe8 54. fxe3 Nc4 0-1

[Event "27th Heraklion Open 2019"]
[Site "Heraklion"]
[Date "2019.09.06"]
[Round "5.7"]
[White "Fragkiadakis, Emmanouel"]
[Black "Lirindzakis, Timotheos"]
[Result "1/2-1/2"]
[WhiteElo "1743"]
[BlackElo "2157"]
[Annotator "ChessBase"]
[PlyCount "62"]
[EventDate "2019.09.03"]
[EventType "swiss"]
[EventCountry "GRE"]
[SourceTitle "playchess.com"]
[Source "ChessBase"]
[SourceQuality "1"]
[TimeControl "40/5400+30:1800+30"]

1. d4 Nf6 2. Bf4 d5 3. e3 e6 4. Nd2 Bd6 5. Bg3 O-O 6. Ngf3 c5 7. c3 Qc7 8. Ne5 Nbd7 9. f4 Ne4 10. Bd3 Nxd2 11. Qxd2 Nf6 12. O-O b6 13. Qe2 Ne4 14. Bh4 f6 15. Ng4 Bb7 16. Rad1 c4 17. Bb1 b5 18. Be1 a5 19. a3 Bc6 20. Rf3 Be8 21. Nf2 f5 22. Bxe4 dxe4 23. Rh3 Bc6 24. g4 Bd5 25. gxf5 exf5 26. Qh5 g6 27. Rg3 Rf7 28. Nh3 Rg7 29. Qh6 Bf8 30. Rg2 Ra6 31. Bh4 Rd6 1/2-1/2

[Event "27th Heraklion Open 2019"]
[Site "Heraklion"]
[Date "2019.09.06"]
[Round "5.8"]
[White "Natoli, Domenico"]
[Black "Alquist, Erik"]
[Result "0-1"]
[WhiteElo "1694"]
[BlackElo "2020"]
[Annotator "NA"]
[PlyCount "60"]
[EventDate "2019.09.03"]
[EventType "swiss"]
[EventCountry "GRE"]
[SourceTitle "playchess.com"]
[Source "ChessBase"]
[SourceQuality "1"]
[TimeControl "40/5400+30:1800+30"]

1. d4 Nf6 2. c4 g6 3. Nc3 Bg7 4. e4 d6 5. f4 c5 6. d5 O-O 7. Nf3 e6 8. dxe6 fxe6 9. Bd3 Nc6 10. O-O Nd4 11. Nxd4 cxd4 12. Nb5 e5 13. f5 $2 (13. fxe5 $11 {and White is okay.} dxe5 14. c5) 13... gxf5 14. exf5 a6 15. Na3 e4 16. Be2 Qb6 $19 17. Qb3 Qc5 18. Kh1 d3 19. Bd1 Bxf5 20. Bf4 Rad8 21. Re1 Bg4 22. h3 Qh5 23. Kg1 Qh4 24. Bxg4 Nxg4 25. Rxe4 Qf2+ 26. Kh1 Rxf4 27. Qxd3 Rxe4 28. Qxe4 Ne3 29. Rb1 Rf8 30. b4 Be5 0-1

[Event "27th Heraklion Open 2019"]
[Site "Heraklion"]
[Date "2019.09.06"]
[Round "5.9"]
[White "Putrenko, Kirill"]
[Black "Koutsaftis, Efstratios Panagioti"]
[Result "1-0"]
[WhiteElo "1974"]
[BlackElo "1611"]
[Annotator "NA"]
[PlyCount "59"]
[EventDate "2019.09.03"]
[EventType "swiss"]
[EventCountry "GRE"]
[SourceTitle "playchess.com"]
[Source "ChessBase"]
[SourceQuality "1"]
[TimeControl "40/5400+30:1800+30"]

1. d4 Nf6 2. c4 e6 3. Nf3 d5 4. Nc3 Bb4 5. Bg5 h6 6. Bxf6 Qxf6 7. e3 O-O 8. Qc2 dxc4 9. Bxc4 c5 10. O-O cxd4 11. Nxd4 a6 12. Ne4 $14 Qe7 13. a3 Ba5 14. b4 Bc7 15. Rac1 Be5 16. Nf3 Nc6 17. Rfd1 Bb8 18. Bb3 Ne5 19. Nxe5 Bxe5 20. f4 Bb8 21. Qxc8 Rxc8 22. Rxc8+ Kh7 23. Rdd8 b5 24. Re8 Qa7 25. Nc5 a5 26. Bc2+ g6 27. Rh8+ Kg7 28. Rhg8+ Kh7 29. Kf1 axb4 30. Ne4 1-0

[Event "27th Heraklion Open 2019"]
[Site "Heraklion"]
[Date "2019.09.06"]
[Round "5.11"]
[White "Atakay, Mustafa"]
[Black "Xirouhakis, Emmanouil"]
[Result "1-0"]
[WhiteElo "1866"]
[BlackElo "1574"]
[Annotator "NA"]
[PlyCount "31"]
[EventDate "2019.09.03"]
[EventType "swiss"]
[EventCountry "GRE"]
[SourceTitle "playchess.com"]
[Source "ChessBase"]
[SourceQuality "1"]
[TimeControl "40/5400+30:1800+30"]

1. d4 d5 2. c4 c6 3. cxd5 cxd5 4. Bf4 Bf5 5. Nc3 e6 6. e3 Nc6 7. Qb3 b6 $2 (7... Bb4 $11) 8. Bb5 $18 Nge7 9. Qa4 Qc8 10. Ba6 Qd7 11. Nb5 e5 12. dxe5 Be6 13. Nd6+ Kd8 14. Rc1 Nxe5 15. Nb7+ Ke8 16. Bb5 1-0

[Event "27th Heraklion Open 2019"]
[Site "Heraklion"]
[Date "2019.09.06"]
[Round "5.12"]
[White "Fasching, Markus"]
[Black "Kealar, Konstantinos"]
[Result "1-0"]
[WhiteElo "2029"]
[BlackElo "1270"]
[Annotator "NA"]
[PlyCount "29"]
[EventDate "2019.09.03"]
[EventType "swiss"]
[EventCountry "GRE"]
[SourceTitle "playchess.com"]
[Source "ChessBase"]
[SourceQuality "1"]
[TimeControl "40/5400+30:1800+30"]

1. e4 c6 2. d4 d5 3. Nc3 dxe4 4. Nxe4 Bf5 5. Ng3 Bg6 6. h4 h5 7. Nf3 Nf6 {[#]} ({Black should play} 7... Nd7 $14) 8. Ne5 $1 Be4 9. Nxe4 Nxe4 $16 10. Qf3 Nf6 11. c3 Nbd7 12. Bd3 Nxe5 13. dxe5 Ng4 14. e6 f6 15. Bg6# 1-0

[Event "27th Heraklion Open 2019"]
[Site "Heraklion"]
[Date "2019.09.06"]
[Round "5.13"]
[White "Koutsourakis, Ioannis"]
[Black "Mavridis, Athanasios"]
[Result "1-0"]
[WhiteElo "1739"]
[BlackElo "1493"]
[Annotator "NA"]
[PlyCount "93"]
[EventDate "2019.09.03"]
[EventType "swiss"]
[EventCountry "GRE"]
[SourceTitle "playchess.com"]
[Source "ChessBase"]
[SourceQuality "1"]
[TimeControl "40/5400+30:1800+30"]

1. d4 Nf6 2. c4 e6 3. Nc3 Bb4 4. Qc2 b6 5. e4 Bb7 6. Bd3 c5 7. d5 e5 8. Nge2 d6 9. O-O Bxc3 10. Qxc3 O-O 11. Ng3 Ne8 12. Bd2 Bc8 13. f4 Nd7 14. Be2 Qe7 15. Rf2 exf4 16. Bxf4 Ne5 17. Raf1 Ng6 18. Bd2 h6 19. Bh5 Ne5 20. Kh1 Bd7 21. Bf4 Ng6 22. Bxg6 fxg6 23. e5 dxe5 24. Bxe5 Nd6 25. Rxf8+ Rxf8 26. Re1 Nf5 27. Bf4 Qf6 28. Qxf6 Rxf6 29. Nxf5 Rxf5 30. Bg3 b5 31. b3 Rf6 32. Kg1 Ra6 33. Re2 bxc4 34. bxc4 Ra4 35. Re7 Bg4 36. h3 Bf5 37. d6 Kf8 38. Be5 Rxc4 39. Bxg7+ Kg8 40. d7 Bxd7 41. Rxd7 Ra4 42. Bxh6 Rxa2 43. Be3 c4 44. Rxa7 Re2 45. Ra3 Kf7 46. Rc3 Ke6 47. Kf1 1-0

[Event "27th Heraklion Open 2019"]
[Site "Heraklion"]
[Date "2019.09.06"]
[Round "5.14"]
[White "Ergazaki, Eirini"]
[Black "Lithoxoos, Theodoros"]
[Result "0-1"]
[WhiteElo "1336"]
[BlackElo "1685"]
[Annotator "NA"]
[PlyCount "60"]
[EventDate "2019.09.03"]
[EventType "swiss"]
[EventCountry "GRE"]
[SourceTitle "playchess.com"]
[Source "ChessBase"]
[SourceQuality "1"]
[TimeControl "40/5400+30:1800+30"]

1. e4 c5 2. Nf3 d6 3. d4 cxd4 4. Nxd4 Nf6 5. Nc3 a6 6. f3 e5 7. Nb3 Be6 8. Be3 b5 9. Qd2 Be7 10. g4 Nbd7 11. O-O-O O-O 12. h4 Nb6 13. Kb1 Nc4 14. Bxc4 bxc4 15. Nc1 Rb8 16. Nd5 Bxd5 17. exd5 Rb5 18. Ne2 Qb8 19. b3 cxb3 20. cxb3 Nxd5 21. Bg5 f6 22. Be3 a5 23. Nc1 Rc8 24. Rdg1 a4 25. Ka1 Nb4 26. Kb1 axb3 27. axb3 Nc2 28. Kb2 Qa8 29. Nd3 Rxb3+ 30. Kxb3 Qa3# 0-1

[Event "27th Heraklion Open 2019"]
[Site "Heraklion"]
[Date "2019.09.06"]
[Round "5.15"]
[White "Koumis, Filippos"]
[Black "Kealar, Ioannis"]
[Result "1-0"]
[WhiteElo "1601"]
[BlackElo "1240"]
[Annotator "NA"]
[PlyCount "121"]
[EventDate "2019.09.03"]
[EventType "swiss"]
[EventCountry "GRE"]
[SourceTitle "playchess.com"]
[Source "ChessBase"]
[SourceQuality "1"]
[TimeControl "40/5400+30:1800+30"]

1. e4 e5 2. Nf3 Nc6 3. Bb5 d6 4. d4 Bd7 5. Nc3 Nf6 6. O-O a6 7. Bxc6 bxc6 8. dxe5 dxe5 9. Nxe5 Bd6 10. Nxd7 Qxd7 11. e5 Bxe5 12. Re1 O-O-O 13. Qe2 Rhe8 14. Qxa6+ Kb8 15. Be3 Bd4 16. Bxd4 Qxd4 17. Qxc6 Qb6 18. Qxb6+ cxb6 19. Rxe8 Rxe8 20. f3 Nd7 21. Kf2 Nc5 22. Re1 Rd8 23. Rd1 Re8 24. Rd6 Kc7 25. Nb5+ Kb7 26. b4 Na4 27. c4 Rc8 28. Rd7+ Kb8 29. Nd6 Rc6 30. b5 Rc7 31. Rxc7 Kxc7 32. Nxf7 Nb2 33. Ne5 Kd6 34. f4 Nd1+ 35. Kf3 Kc5 36. Ke4 Nc3+ 37. Kf5 Nxa2 38. Ke6 Nc3 39. Kf7 Ne2 40. g3 g5 41. fxg5 Kd4 42. Nd7 Kxc4 43. Nxb6+ Kxb5 44. Nd7 Nd4 45. Nf6 Nf3 46. Nxh7 Nxh2 47. g6 Ng4 48. g7 Kc5 49. Kg6 Ne5+ 50. Kf6 Ng4+ 51. Kg5 Ne5 52. g8=Q Nf3+ 53. Kf4 Nd4 54. Ke4 Nc6 55. Nf6 Ne7 56. Qf8 Kd6 57. Nd5 Kc6 58. Qxe7 Kb5 59. Qb7+ Kc5 60. Qb6+ Kc4 61. Qb4# {Kxd5+} 1-0